Kriminológia

Bibliographic Details
Main Authors: Madliak, Jozef, 1948- (Author), Čverčko, Tomáš (Author), Baňacký, Miroslav (Author)
Format: Book
Language:Slovak
PhysicalDescription:360 s. tab. 24 cm
Published: V Košiciach Univerzita Pavla Jozefa Šafárika 2005
ISBN:8070976012
Edition:1. vyd.
Series:Vysokoškolské učebné texty
Subjects:

MARC

LEADER 00000nam a2200000 a 4500
001 vtls008688768
003 SK-MaSNL
005 20260302042051.0
008 251104s2005 xo l d p 000 0 slo
015 |a SNBA2006/05-02938 
020 |a 8070976012  |q (brož.) 
035 |a E19537A3-60C2-4AA5-A0B7-34A900882D2D 
035 |a urn:nbn:sk:snk-amlbto 
035 |a urn:nbn:sk:snk-am0092de 
040 |a SNK  |b slo  |c SNK  |e AACR2 
041 0 |a slo 
044 |a xo  |c SK 
072 7 |a 343.97  |x Kriminológia  |2 konspekt 
080 |a (075.8)  |2 2001 
080 |a 343.97  |2 2001 
100 1 |a Madliak, Jozef,  |d 1948-  |4 aut  |9 5582 
245 1 0 |a Kriminológia  |c Jozef Madliak, Tomáš Čverčko, Miroslav Baňacký 
250 |a 1. vyd. 
260 |a V Košiciach  |b Univerzita Pavla Jozefa Šafárika  |c 2005 
300 |a 360 s.  |b tab.  |c 24 cm 
366 |e 400 výtl. 
490 1 |a Vysokoškolské učebné texty 
504 |a Bibliogr. odkazy. Bibliogr. s. 11-16 
650 0 7 |a kriminológia  |2 SNKPH  |9 2660 
655 7 |a učebnice vysokých škôl  |2 SNKPH  |9 70191 
700 1 |a Čverčko, Tomáš  |4 aut  |9 694413 
700 1 |a Baňacký, Miroslav  |4 aut  |9 26989 
810 2 |a Univerzita Pavla Jozefa Šafárika v Košiciach.  |b Právnická fakulta  |t Vysokoškolské učebné texty  |9 107523 
919 |a 80-7097-601-2 
958 |a OND 
999 |c 1081340  |d 1083270 
952 |a SNK  |b SNK  |y PREZ  |7 0  |p 17A0505528  |o snkSC 123324  |i snk2006/7184  |8 0  |0 0  |1 0  |4 0  |d 2006-04-05  |f 1  |l 0  |r 2025-06-04 00:00:00  |w 2026-02-24 
952 |a SNK  |b SNK  |y VYP  |7 0  |p 17A0505529  |o snkSC 123324 D1  |i snk2006/7185  |8 0  |3 popísaná  |0 0  |1 0  |4 0  |d 2006-04-05  |l 0  |r 2026-02-24 16:25:57  |w 2026-02-24